VHDL: Modular Design and Synthesis of Cores and Systems

Saved in:
Bibliographic Details
Main Author: Navabi, Zainalabedin (Author)
Format: Book
Language:English
Published: New York : McGraw - Hill Book Company, 2007
Edition:3. vyd.
Subjects:
Tags: Add Tag
No Tags, Be the first to tag this record!

MARC

LEADER 00000nam a22000003a 4500
001 stu149958
005 20150617225943.1
008 071120s2007----xxu-----------------eng-d
020 |a 0-07-147545-1 
040 |a STU  |b slo 
041 0 |a eng 
044 |a xxu 
100 1 |a Navabi, Zainalabedin  |4 aut 
245 1 |a VHDL: Modular Design and Synthesis of Cores and Systems 
250 |a 3. vyd. 
260 |a New York :  |b McGraw - Hill Book Company,  |c 2007 
300 |a 531 s 
650 7 |a VHDL  |2 stusub 
996 |b I5863  |c I*5863  |l II680  |s A  |a 24  |w stu149958_0001